Can you run away from God? / (Record no. 8992)

MARC details
000 -LEADER
fixed length control field 00691cam a2200229 i 4500
001 - CONTROL NUMBER
control field 3195031
003 - CONTROL NUMBER IDENTIFIER
control field GBCCL
005 - DATE AND TIME OF LATEST TRANSACTION
control field 20241126110703.0
008 - FIXED-LENGTH DATA ELEMENTS--GENERAL INFORMATION
fixed length control field 780516s1977 ilu 000 0 eng
010 ## -
-- 77075896
020 ## - INTERNATIONAL STANDARD BOOK NUMBER
International Standard Book Number 0882075012 :
Terms of availability $1.50
040 ## - CATALOGING SOURCE
Original cataloging agency DLC
Transcribing agency DLC
Modifying agency DLC
050 00 -
-- BS1605.2
-- .B64
082 00 - DEWEY DECIMAL CLASSIFICATION NUMBER
Classification number 224.9206
Item number BOI
100 1# - MAIN ENTRY--PERSONAL NAME
Personal name Boice, James Montgomery,
Dates associated with a name 1938-2000.
9 (RLIN) 1564
245 10 - TITLE STATEMENT
Title Can you run away from God? /
Statement of responsibility, etc. James M. Boice.
260 ## - PUBLICATION, DISTRIBUTION, ETC.
Place of publication, distribution, etc. Wheaton, Ill. :
Name of publisher, distributor, etc. Victor Books,
Date of publication, distribution, etc. c1977.
300 ## - PHYSICAL DESCRIPTION
Extent 96 p. ;
Dimensions 18 cm.
630 00 - SUBJECT ADDED ENTRY--UNIFORM TITLE
Uniform title Bible.
Name of part/section of a work Jonah
General subdivision Criticism, interpretation, etc.
9 (RLIN) 15721
906 ## - LOCAL DATA ELEMENT F, LDF (RLIN)
a 7
b cbc
c orignew
d 2
e opcn
f 19
g y-gencatlg
942 ## - ADDED ENTRY ELEMENTS (KOHA)
Source of classification or shelving scheme Dewey Decimal Classification
Koha item type Books
Koha issues (borrowed), all copies 2
Holdings
Withdrawn status Lost status Source of classification or shelving scheme Damaged status Not for loan Home library Current Library Shelving location Date acquired Total checkouts Full call number Barcode Date last seen Date last checked out Copy number Price effective from Koha item type
    Dewey Decimal Classification     GRACE BIBLE COLLEGE GRACE BIBLE COLLEGE Biblical Studies 2022-02-11 2 224.9206 BOI 005386 2025-05-01 2024-02-15 c.1 2022-02-11 Books
© Grace Bible College Library 2025